Harry Potter quiz - Statistics

General Stats
  • This quiz has been taken 444 times
  • The average score is 14 of 15
Answer Stats
Hint Answer % Correct
Main Character Harry Potter
100%
Harry's Godfather Sirius Black
96%
Dark Lord Voldemort
96%
Harry's school enemy Draco Malfoy
95%
Name of Harry's owl Hedwig
94%
_______ Gryffindor Godric
93%
_______ Myrtle Moaning
93%
Mad-eye ________ Moody
93%
_______ Slytherin Salazar
93%
_______ Hufflepuff Helga
92%
_______ Ravenclaw Rowena
90%
4 ____ Drive Privet
89%
Voldemort's Full Given name Tom Marvolo Riddle
88%
Headmaster of Hogwarts Dumbledore
87%
Name of Hagrids Giant Spider Aragog
86%
No matching quizzes found
Score Distribution
Percent of People with Each Score
Percentile by Number Answered
Your Score History
You have not taken this quiz